| Tag |
First Indicator |
Second Indicator |
Subfields |
| LEADER |
00000cam a22000004a 4500 |
| 001 |
in00004502521 |
| 005 |
20191203131608.0 |
| 008 |
060302s2007 fluab b 001 0 eng |
| 010 |
|
|
|a 2006006060
|
| 016 |
7 |
|
|a 013490379
|2 Uk
|
| 020 |
|
|
|a 1574446177
|
| 020 |
|
|
|a 9781574446173
|
| 024 |
3 |
|
|a 9781574446173
|
| 029 |
1 |
|
|a YDXCP
|b 2415221
|
| 035 |
|
|
|a (OCoLC)ocm64624822
|
| 035 |
|
|
|z (UtOrBLW)41315
|
| 035 |
|
|
|a 59106
|
| 040 |
|
|
|a DNAL/DLC
|c DLC
|d YDXCP
|d BAKER
|d UKM
|d OCLCQ
|d BTCTA
|d TMV
|d UtOrBLW
|
| 042 |
|
|
|a pcc
|
| 049 |
|
|
|a TMVM
|c 1
|
| 050 |
0 |
0 |
|a S605.5
|b .B397 2007
|
| 060 |
|
4 |
|a S 605.5
|b B353o 2007
|
| 070 |
0 |
|
|a S605.5
|b .B28 2007
|
| 082 |
0 |
0 |
|a 631.5/84
|2 22
|
| 100 |
1 |
|
|a Bavec, Franc.
|
| 245 |
1 |
0 |
|a Organic production and use of alternative crops /
|c Franc Bavec, Martina Bavec.
|
| 264 |
|
1 |
|a Boca Raton :
|b CRC/Taylor & Francis,
|c [2007]
|
| 264 |
|
4 |
|c ©2007
|
| 300 |
|
|
|a 241 pages :
|b illustrations ;
|c 24 cm.
|
| 336 |
|
|
|a text
|2 rdacontent
|b txt
|
| 337 |
|
|
|a unmediated
|2 rdamedia
|
| 338 |
|
|
|a volume
|2 rdacarrier
|b nc
|
| 490 |
1 |
|
|a Books in soils, plants, and the environment ;
|v 115
|
| 504 |
|
|
|a Includes bibliographical references and index.
|
| 505 |
0 |
|
|a Alternative cereals -- Pseudocereals (without millets) -- Millets -- Alternative eaten/oil containing plants -- Alternative fiber, root and tuber crops -- Legumes -- Some traditional and new kinds of food from some alternative crops
|
| 650 |
|
0 |
|a Organic farming.
|
| 650 |
|
0 |
|a Alternative agriculture.
|
| 650 |
|
0 |
|a Food crops.
|
| 650 |
|
2 |
|a Agriculture.
|
| 650 |
|
2 |
|a Crops, Agricultural.
|
| 700 |
1 |
|
|a Bavec, Martina.
|
| 830 |
|
0 |
|a Books in soils, plants, and the environment ;
|v 115.
|
| 999 |
|
|
|a MARS
|
| 999 |
f |
f |
|s f3cdbb4c-122a-3830-b938-191b52a1bf4d
|i 11c62ab6-353d-3cb1-ad50-d1437c01cea2
|t 0
|
| 952 |
f |
f |
|p ric
|a Texas A&M University
|b Rellis Campus
|c Joint Library Facility
|d Remote Storage
|t 0
|e S 605.5 B353o 2007
|h National Library of Medicine classification
|i unmediated -- volume
|m 3238901923120
|
| 998 |
f |
f |
|a S 605.5 B353o 2007
|t 0
|l Remote Storage
|